| 000 | 00588nam a22001817a 4500 | ||
|---|---|---|---|
| 999 |
_c191889 _d191889 |
||
| 005 | 20220906161247.0 | ||
| 010 | _aENG-134905 | ||
| 020 |
_c400.00 _a978-93-5287-613-6 |
||
| 035 | _aEN-118437 | ||
| 037 | _bDBAD/PUB | ||
| 082 | _a333.954 | ||
| 245 |
_aNature conservation in the new Economy/ _cedited by Ghazala Shahabuddin and K. Sivaramakrishnan |
||
| 260 |
_c2019 _bOrient Blackswan Private Ltd. _aHyderabad |
||
| 270 |
_a3-6-752 Himayatnagar _bHyderabad _e500029 |
||
| 300 |
_a291p. _c21cm(hb) |
||
| 700 | _aGhazala Shahabuddin | ||
| 942 |
_2ddc _cEN _h333.954 _mNAT |
||